Регионална библиотека "Любен Каравелов" - Русе

Етнография на България (Запис номер 62088)

MARC детайли
000 -Лидер
Контролно поле с фиксирана дължина 01644nam a2200361 c 4500
003 - Код на организацията, давaща контролен номер
Контролно поле BLK
005 - Дата и час на последна редакция
Контролно поле 20210827112517.0
008 - Елементи от данни с фиксирана дължина
fixed length control field 180408b bul|||||r ||||||| ||bul||
010 ## - Наследен системен номер
LC control number KNG00066296000
040 ## - Източник на каталожния запис
Идентификатор на билиотеката - собственик на записа BLK
041 ## - Код за език
Код за езика на текст/звукозапис или на отделно заглавие Български
Код за езика КДБФ Български
080 ## - УДК
Текстов определител УДК Етнология. Етнография. Нрави. Обичаи. Бит. Фолклористика. Вж и 572 ; 903 ; 904
УДК код - определител по УДК 39
УДК определител (497.2)
УДК - код + определител 39(497.2)
139 ## - Редно поле
Редна дума Етнография на България
Авторски знак Ет - Е 94
245 10 - Сведения за заглавието
Заглавие Етнография на България
Подзаглавни данни Моногр : В 3 т.
Редно поле (дума) ред. кол. на том Стоян Генчев.
Том Т. 3
Заглавие на том Духовна култура
257 ## - Страна на издаване
Страна на създаване/издаване България
260 ## - Област на издателските данни
-- София
Име на издателя, разпространителя и проч. БАН
Година на издаване 1980 -
300 ## - Физическа характеристика
Размери/Мащаб 30 см
380 ## - Жанр
Жанр Обществени науки
500 ## - Общи забележки
Забележка Изд. на БАН. Етногр. инст. с музей. - Кн. е посветена на 1300-год. от основаването на бълг. държава.
650 #4 - Допълнително описание по предмет – тема
Основно описание – тема или топоним Етнография - България
9 (RLIN) 249563
650 #4 - Допълнително описание по предмет – тема
Основно описание – тема или топоним Българи - етнография
9 (RLIN) 248337
651 #4 - Допълнително описание по предмет - топоним
Географско понятие България
9 (RLIN) 241624
653 ## - Ключова дума – ненормативна
Ключова дума етнография
653 ## - Ключова дума – ненормативна
Ключова дума българи
653 ## - Ключова дума – ненормативна
Ключова дума България
700 1# - Други автори (авторска отговорност)
Лично име Генчев, Стоян
Автороска отговорност (Описва отношението между автора и произведението) ред. кол. на том
9 (RLIN) 363649
760 1# - Описание на основната серия
Място на издаване, издател и година 1985
Страници - том 388 с., с ноти, 32 л. ил.
Забележка - том Библиогр. под линия. - Съдържа Именен, геогр., терминол. показалци.
Заглавие Т. 3 Духовна култура
852 ## - Местоположение
Форматна сигнатура Цб ІІ 5993
856 4# - Електронен адрес и достъп
Електронен формат pdf - файл
Път до файла /url/
856 4# - Електронен адрес и достъп
Електронен формат pdf - файл
Път до файла /url/
942 ## - АРТИКУЛИ
Вид на библиотечния материал Книги
Скрит в OPAC Не
Koha issues (borrowed), all copies 4
944 ## - СЪЗДАВАНЕ И РЕДАКЦИЯ на ЗАПИСА
Създаване/Редакция Създаване
Дата на регистрацията/редакция 13.06.2004
Служител, извършил регистрацията/редакцията Кети_Илиева
944 ## - СЪЗДАВАНЕ И РЕДАКЦИЯ на ЗАПИСА
Създаване/Редакция Редакция
Дата на регистрацията/редакция 18.08.2015
Служител, извършил регистрацията/редакцията Милена_Ачева
999 ## - СИСТЕМНИ КОНТРОЛНИ НОМЕРА
Koha biblionumber 62088
Koha biblioitemnumber 62088
Наличности
Код за отписване Код за изгубен артикул Източник на класификационната схема Код за повреда Коз за рестрикции Код за отдаване Артикулен № Име на библиотеката - собственик Име на библиотеката, в която се намира в момента Статус (Текущо местоположение) Дата на вписване в системата Местоположение - отдел Цена в лева Инвентарен номер Систематично азбучна сигнатура Баркод Номер на екземпляра Цена в евро Служебна бележка Служебен тип на артикула
  Не е изгубен Universal Decimal Classification Не е повреден без рестрикции ползва се в читалня 103275 Регионална библиотека "Любен Каравелов" Русе Регионална библиотека "Любен Каравелов" Русе Читалня 1986-01-01 Читалня 11.35 480078 Ч 39(497.2)/Е 94 120000480078 1 5.80 Дост: Pk Вид: Ф N: стар фонд Дата: 01.01.1986 Дата инв: 15.03.2017 Бележки инв: Ч2017 Книги
  Не е изгубен Universal Decimal Classification Не е повреден без рестрикции ползва се в читалня 103276 Регионална библиотека "Любен Каравелов" Русе Регионална библиотека "Любен Каравелов" Русе Хранилище 1986-01-01 Хранилище 11.35 446357 Цб ІІ 5993 120000446357 2 5.80 Дост: Dp Вид: Д N: стар фонд Дата: 01.01.1986 Книги
Изтеглен Не е изгубен Universal Decimal Classification Не е повреден без рестрикции заемане за дома 103277 Регионална библиотека "Любен Каравелов" Русе Регионална библиотека "Любен Каравелов" Русе Заемна - подръчен фонд 1986-01-01 Заемна - подръчен фонд 0.40 480076 П 39(497.2)/Е 94 480076 3 0.20 Вид: Сф N: стар фонд Дата: 01.01.1986 Книги
Изтеглен Не е изгубен Universal Decimal Classification Не е повреден без рестрикции заемане за дома 103278 Регионална библиотека "Любен Каравелов" Русе Регионална библиотека "Любен Каравелов" Русе Заемна - подръчен фонд 1986-01-01 Заемна - подръчен фонд 11.35 480077 П 39(497.2)/Е 94 480077 4 5.80 Вид: Сф N: стар фонд Дата: 01.01.1986 Дата инв: 08.02.2018 Бележки инв: П2018 Книги
Vip Innovations Ltd, Rousse, Bulgaria 2025